[Event "ROM-chT"]
[Site "ROM"]
[Date "1994.??.??"]
[Round "?"]
[White "Candea, Gheorghe"]
[Black "Doroftei, Nicolae"]
[Result "0-1"]
[WhiteElo "2400"]
[BlackElo "2270"]

1.e4 c5 2.c3 Nf6 3.e5 Nd5 4.d4 e6 5.Nf3 cxd4 6.Nxd4 Nc6 7.Nxc6 bxc6 8.Nd2 d6
9.exd6 Bxd6 10.Nc4 Bc7 11.Be2 O-O 12.Ne3 Rb8 13.Nxd5 cxd5 14.O-O e5 15.Qc2 Qf6
16.Be3 Bb6 17.Bxb6 Qxb6 18.b3 Be6 19.Rfe1 Rfd8 20.Bd3 e4 21.Bf1 f5 22.Qd2 d4
23.cxd4 Rxd4 24.Qf4 Rbd8 25.Kh1 Rd2 26.f3 Qf2 27.Qg3 Qxg3 28.hxg3 Bd5 29.Rad1 Bb7
30.Rxd2 Rxd2 31.fxe4 Bxe4 32.a4 Kf8 33.g4 g6 34.gxf5 gxf5 35.Kg1 Rb2 36.Re3 Kg7
37.g4 Kf6 38.gxf5 Bxf5 39.Bc4 a5 40.Rf3 Ke5 41.Rf2 Rxf2 42.Kxf2 Kd4 43.Bg8 h6
44.Bf7 Kc3 45.Ke1 Bc2 46.Bh5 Bxb3 47.Be8 Kb4 48.Kd2 Bxa4 49.Bh5 Bb3 50.Kc1 Kc3
51.Kb1 Bd5 52.Ka1 Kd4 53.Be8 Ke5 54.Kb2 Kf6 55.Bh5 Bf7 56.Bd1 Kg5 57.Ka3 Be8
58.Be2 Bd7 59.Bf3 Bg4 60.Bg2 h5 61.Ka4 h4 62.Kxa5 Kf4  0-1

[Event "ROM-chT"]
[Site "ROM"]
[Date "1994.??.??"]
[Round "?"]
[White "Candea, Gheorghe"]
[Black "Radovici, Corvin"]
[Result "1/2-1/2"]
[WhiteElo "2400"]
[BlackElo "2370"]

1.e4 c5 2.c3 Nf6 3.e5 Nd5 4.d4 cxd4 5.Nf3 Nc6 6.Bc4 Nb6 7.Bb3 d5 8.exd6 Qxd6
9.Nxd4 Nxd4 10.Qxd4 Qxd4 11.cxd4 e6 12.Nc3 Bd7 13.O-O Bc6 14.d5 Nxd5 15.Nxd5 Bxd5
16.Bxd5 exd5 17.Re1+ Kd7 18.Re5 Bc5 19.Rxd5+ Kc6 20.Rd3 Rhd8 21.Rxd8 Rxd8
22.Bf4 Rd4 23.Be3 Rc4 24.Rc1 Rxc1+ 25.Bxc1 Kd5 26.Kf1 Kc4 27.Ke2 Bd4 28.f3 a6
29.Kd2 Be5 30.b3+ Kd5 31.g3 h5 32.Kd3 f5 33.Be3 h4 34.gxh4 Bxh2 35.h5 Be5
36.h6 gxh6 37.Bxh6 b5 38.Bd2 Bc7 39.Be1 Bb6 40.Bc3 Bc5 41.Be1 Ke5 42.Bc3+  1/2-1/2

[Event "ROM-chT"]
[Site "ROM"]
[Date "1994.??.??"]
[Round "?"]
[White "Barbu, Iulian"]
[Black "Ungureanu, Emil"]
[Result "0-1"]
[WhiteElo "2270"]
[BlackElo "2285"]

1.e4 c5 2.c3 Nf6 3.e5 Nd5 4.d4 cxd4 5.Nf3 e6 6.cxd4 b6 7.Bg5 Be7 8.Bxe7 Qxe7
9.Nbd2 O-O 10.Bc4 Ba6 11.O-O d6 12.Rc1 dxe5 13.dxe5 Rd8 14.Qe2 Bxc4 15.Rxc4 Nd7
16.g3 Rac8 17.Rfc1 Rxc4 18.Rxc4 b5 19.Rc6 Qb4 20.Ne4 Qa5 21.a3 b4 22.Nd6 bxa3
23.bxa3 Qxa3 24.Ng5 Qa1+ 25.Kg2 Nxe5 26.Ra6 Qd4 27.Ndxf7 Nxf7 28.Nxe6 Ne3+
29.Qxe3 Qxe3 30.fxe3 Rd7 31.Nd4 Ne5 32.Nb5 Rd2+ 33.Kf1 Ng4 34.Rxa7 Nxe3+
35.Ke1 Rxh2 36.Nd6 Ng4 37.Ne4  0-1

[Event "Salo op"]
[Site "Salo"]
[Date "1994.??.??"]
[Round "1"]
[White "Kiik, Kalle"]
[Black "Haapasalo, Jukka Pekka"]
[Result "1-0"]
[WhiteElo "2400"]
[BlackElo "2235"]

1.e4 c5 2.c3 Nf6 3.e5 Nd5 4.d4 cxd4 5.Nf3 e6 6.cxd4 b6 7.Nc3 Nxc3 8.bxc3 Qc7
9.Bd2 Bb7 10.Bd3 d6 11.O-O Nd7 12.Bf4 dxe5 13.Nxe5 Nxe5 14.Bb5+ Bc6 15.Bxe5 Bd6
16.Qf3 Rc8 17.Bxc6+ Qxc6 18.d5 Qc7 19.Bxg7 Rg8 20.Qf6 Qe7 21.Qh6 Kd7 22.Rae1 Rc4
23.g3 Rg4 24.Bf6 Bxg3 25.hxg3  1-0

[Event "San Mateo"]
[Site "San Mateo"]
[Date "1994.??.??"]
[Round "?"]
[White "O'Donnell, Tom"]
[Black "Busquets, Luis"]
[Result "1-0"]
[WhiteElo "2405"]
[BlackElo "2245"]

1.e4 c5 2.c3 Nf6 3.e5 Nd5 4.d4 cxd4 5.Nf3 Nc6 6.Bc4 Nb6 7.Bb3 d5 8.exd6 Qxd6
9.O-O e6 10.cxd4 Be7 11.Nc3 O-O 12.Be3 Nd5 13.Rc1 Nxc3 14.bxc3 b6 15.Re1 Bb7
16.Qd3 Rac8 17.Bc2 g6 18.h4 Bf6 19.h5 Na5 20.Bh6 Rfe8 21.Bb1 Qd5 22.hxg6 hxg6
23.Qe3 e5 24.dxe5 Rxe5 25.Qf4 Rxe1+ 26.Rxe1 Bxc3 27.Re7 Bg7 28.Bxg6  1-0

[Event "SCO-ch"]
[Site "SCO"]
[Date "1994.??.??"]
[Round "?"]
[White "Roberts, Paul"]
[Black "Pyrich, George"]
[Result "1-0"]
[WhiteElo "2165"]
[BlackElo "2085"]

1.e4 c5 2.c3 Nf6 3.e5 Nd5 4.d4 cxd4 5.cxd4 d6 6.Nf3 Nc6 7.a3 e6 8.Bd3 Be7
9.O-O Qc7 10.exd6 Bxd6 11.Nc3 Nxc3 12.bxc3 Be7 13.Re1 h6 14.Qe2 O-O 15.Rb1 a6
16.c4 Bf6 17.Qe4 Rd8 18.d5 Na5 19.Bf4 Qc5 20.Qh7+ Kf8 21.Bd2 Qc7 22.Bb4+ Rd6
23.dxe6 fxe6 24.Bg6  1-0

[Event "SLO-chT"]
[Site "?"]
[Date "1994.??.??"]
[Round "?"]
[White "Praznik, Anton"]
[Black "Kozul, Zdenko"]
[Result "0-1"]
[WhiteElo "2280"]
[BlackElo "2575"]

1.e4 c5 2.c3 Nf6 3.e5 Nd5 4.d4 cxd4 5.Nf3 e6 6.cxd4 b6 7.Nc3 Bb7 8.Bd3 f5
9.Bg5 Be7 10.Bxe7 Qxe7 11.Nb5 O-O 12.Nd6 Ba6 13.Bxa6 Nxa6 14.Qd2 Nac7 15.Rc1 Ne8
16.Nxe8 Raxe8 17.a3 h6 18.h4 Qf7 19.h5 Rc8 20.Ke2 Rfd8 21.g3 Rxc1 22.Qxc1 Qe8
23.Qc4 Rc8 24.Qa4 Rc7 25.Kf1 Qc8 26.Kg2 Rc2 27.Qb3 Qc6 28.Rd1 a5 29.Rb1 f4
30.Kg1 fxg3 31.fxg3 Re2 32.Re1 Rxe1+ 33.Nxe1 Qc1 34.Kf1 Qd2 35.Nc2 b5  0-1

[Event "SLO-chT"]
[Site "?"]
[Date "1994.??.??"]
[Round "?"]
[White "Praznik, Anton"]
[Black "Polajzer, Danilo"]
[Result "0-1"]
[WhiteElo "2280"]
[BlackElo "2430"]

1.e4 c5 2.c3 Nf6 3.e5 Nd5 4.d4 cxd4 5.Nf3 e6 6.cxd4 d6 7.a3 Bd7 8.Bd3 Bc6
9.O-O Nd7 10.Re1 Be7 11.Qe2 dxe5 12.Nxe5 Nxe5 13.dxe5 Bg5 14.g3 Bxc1 15.Rxc1 Qg5
16.Rc4 Nb6 17.f4 Qd8 18.Rb4 a5 19.Rb3 Qd4+ 20.Kf1 Rd8 21.Nd2 a4 22.Rxb6 Qxb6
23.Nc4 Qd4 24.Nd6+ Rxd6 25.exd6 Qd5 26.Kf2 Qxd6 27.Rd1 Qc5+ 28.Qe3 Qh5 29.Be2 Qxh2+
30.Ke1 O-O 31.Rd6 Qh1+ 32.Kd2 Qb1 33.Kc3 Qe1+ 34.Kc2  0-1

[Event "SLO-sf"]
[Site "?"]
[Date "1994.??.??"]
[Round "?"]
[White "Praznik, Niko"]
[Black "Marjanovic, Slavoljub"]
[Result "0-1"]
[WhiteElo "2000"]
[BlackElo "2070"]

1.e4 c5 2.c3 Nf6 3.e5 Nd5 4.d4 cxd4 5.Nf3 e6 6.cxd4 b6 7.Nc3 Nxc3 8.bxc3 Qc7
9.Bd2 d6 10.Bb5+ Bd7 11.a4 Nc6 12.exd6 Bxd6 13.O-O O-O 14.h3 Na5 15.Qe2 Nb3
16.Rab1 Nxd2 17.Qxd2 Rfd8 18.Qd3 Rac8 19.Ng5 g6 20.Ne4 Be7 21.Rfc1 Bc6 22.Qe3 Qb7
23.f3 a6 24.Bxc6 Qxc6 25.Ra1 Qd5 26.Qe2 Qc4 27.Kf1 Rc6 28.Qxc4 Rxc4 29.Ke2 Rdc8
30.Kd3 Bb4 31.Kd2 Rxd4+ 32.Ke2 Rdc4 33.Rcb1 Bc5 34.Nxc5 R8xc5 35.Rxb6 a5
36.Ra3 Rd5 37.Rb5 h5 38.Rb2 h4 39.Rb5 Kg7 40.Rb2 Kf6 41.Rb7 g5 42.Ra7 Kg6
43.Re7 Kf6 44.Ra7 e5 45.Rb3 Rxa4 46.Rb6+ Kg7 47.Rbb7 Rf4 48.Rc7 e4 49.fxe4 Rxe4+
50.Kf3 Rf4+ 51.Ke3 Rdf5 52.c4 Rf2 53.c5 Rxg2 54.c6 Rg3+ 55.Kd2 Rxh3 56.Re7 Rf2+
57.Re2 Rxe2+ 58.Kxe2 Rc3 59.c7 h3  0-1

[Event "Wch U26"]
[Site "Sofia"]
[Date "1994.??.??"]
[Round "4"]
[White "Markovic, Ivan"]
[Black "Novik, Maxim"]
[Result "1/2-1/2"]
[WhiteElo "2400"]
[BlackElo "2480"]

1.e4 c5 2.c3 Nf6 3.e5 Nd5 4.d4 cxd4 5.Nf3 e6 6.cxd4 b6 7.Bd3 Ba6 8.Bxa6 Nxa6
9.O-O Be7 10.Nbd2 O-O 11.Ne4 Nac7 12.Bg5 f6  1/2-1/2

[Event "Wch U26"]
[Site "Sofia"]
[Date "1994.??.??"]
[Round "5"]
[White "Kupper, Patrick"]
[Black "Altgelt, Alexander"]
[Result "1/2-1/2"]
[WhiteElo "2295"]
[BlackElo "2220"]

1.e4 c5 2.c3 Nf6 3.e5 Nd5 4.d4 cxd4 5.Nf3 e6 6.cxd4 b6 7.Bd3 Bb4+ 8.Bd2 Bxd2+
9.Nfxd2 Ba6 10.Ne4 O-O 11.Bxa6 Nxa6 12.Nbc3 Nac7 13.O-O f6 14.exf6 gxf6 15.Rc1 f5
16.Nxd5 Nxd5 17.Nc3 Nf4 18.Qf3 Qg5 19.g3 Nh3+ 20.Kg2 Qg4 21.Qxg4+ fxg4 22.f4 Rac8
23.Nb5 Rc6 24.Nxa7 Rd6 25.Nb5 Rd5 26.a4 d6 27.Rce1 Rc8 28.Re2 Rc4 29.b3 Rb4
30.Rb1 Kf7 31.Kf1 h5 32.Nc3 Rf5 33.Rd2 Ng5 34.Nb5 Nf3 35.Nxd6+  1/2-1/2

[Event "St Petersburg op2"]
[Site "St Petersburg"]
[Date "1994.??.??"]
[Round "4"]
[White "Zaharov, AS."]
[Black "Nevostrujev, Vladimir"]
[Result "0-1"]
[WhiteElo "2240"]
[BlackElo "2440"]

1.e4 c5 2.c3 Nf6 3.e5 Nd5 4.d4 cxd4 5.Nf3 e6 6.cxd4 d6 7.Nc3 Nxc3 8.bxc3 Qc7
9.Bb5+ Bd7 10.Qd3 Bxb5 11.Qxb5+ Nd7 12.O-O dxe5 13.Nxe5 a6 14.Qxd7+ Qxd7
15.Nxd7 Kxd7 16.Rb1 b5 17.a4 Kc6 18.axb5+ axb5 19.Bf4 Be7 20.Rb3 g5 21.Bg3 Ra3
22.Rxa3 Bxa3 23.Ra1 Ra8 24.Kf1 Ra4 25.Ke2 Bd6 26.Rxa4 bxa4 27.Bxd6 Kxd6 28.Kd3 e5
29.dxe5+ Kxe5 30.Kc4 Ke4 31.Kb4 Kd3 32.Kxa4 Kxc3 33.Kb5 Kd3  0-1

[Event "St Petersburg op"]
[Site "St Petersburg"]
[Date "1994.??.??"]
[Round "4"]
[White "Sveshnikov, Evgeny"]
[Black "Pugachov, Alexey"]
[Result "0-1"]
[WhiteElo "2585"]
[BlackElo "2470"]

1.e4 c5 2.c3 Nf6 3.e5 Nd5 4.d4 cxd4 5.Nf3 e6 6.cxd4 b6 7.Nc3 Nxc3 8.bxc3 Qc7
9.c4 Ba6 10.Qa4 b5 11.cxb5 Qc3+ 12.Kd1 Bb7 13.Qc2 Qxa1 14.Bd3 Nc6 15.bxc6 Bxc6
16.Kd2 g6 17.Ke2 Rc8 18.Qd2 Bxf3+ 19.Kxf3 Qxd4 20.Bb2 Qd5+ 21.Kg3 Bc5 22.Rd1 Rb8
23.Qe2 Qxa2 24.Rd2 O-O 25.h4 Rfc8 26.h5 Bf8 27.hxg6 hxg6 28.Be4 Bh6 29.f4 Rb3+
30.Kg4 Qa4 31.g3 Rb4 32.Kf3 Rcc4 33.Bd3 Bxf4 34.Rd1 Rxb2 35.Qxb2 Qxd1+ 36.Be2 Qd5+  0-1

[Event "St Petersburg op2"]
[Site "St Petersburg"]
[Date "1994.??.??"]
[Round "8"]
[White "Turov, Maxim"]
[Black "Nevostrujev, Vladimir"]
[Result "1/2-1/2"]
[WhiteElo "2405"]
[BlackElo "2440"]

1.e4 c5 2.c3 Nf6 3.e5 Nd5 4.d4 cxd4 5.Nf3 Nc6 6.Bc4 Nb6 7.Bb3 d5 8.exd6 Qxd6
9.O-O Be6 10.Na3 dxc3 11.Qe2 Bxb3 12.Nb5 Qb8 13.axb3 e5 14.Bf4 f6 15.bxc3 Be7
16.Be3 Nd5 17.Bd2 O-O 18.c4 Nc7 19.Be3 Rd8 20.Rfd1 a6 21.Nc3 Rxd1+ 22.Rxd1 Qe8
23.Bb6 Ne6 24.Ne4 Bd8 25.Nd6 Qe7 26.Be3 Ned4 27.Nxd4 Nxd4 28.Bxd4 Qxd6 29.Bb2 Qc6
30.Qg4 Be7 31.Rd7 Re8 32.h4 Bf8 33.h5 Re7 34.Rd8 Re8 35.Rd7 Re6 36.Rd8 Kf7
37.Qf5 Rd6 38.Rxf8+ Kxf8 39.Ba3 Kf7 40.Bxd6 Qxd6 41.Qxh7 Qd1+ 42.Kh2 Qg4
43.Kg1 Qd1+ 44.Kh2 Qg4 45.Kg1 Qd1+  1/2-1/2

[Event "Stockholm op2"]
[Site "Stockholm"]
[Date "1994.??.??"]
[Round "8"]
[White "Pepic, Rizo"]
[Black "Olsson, Krister"]
[Result "0-1"]
[WhiteElo "2280"]
[BlackElo "2315"]

1.e4 c5 2.c3 Nf6 3.e5 Nd5 4.d4 cxd4 5.Nf3 Nc6 6.cxd4 d6 7.Bc4 Nb6 8.Bb3 dxe5
9.Nxe5 Nxe5 10.dxe5 Qxd1+ 11.Kxd1 e6 12.Be3 Bd7 13.Nc3 Bc6 14.f3 Nd7 15.Bd4 Bc5
16.Bxc5 Nxc5 17.Kc2 Ke7 18.a4 Rac8 19.Rhd1 Rhd8 20.a5 Na6 21.Bc4 Rxd1 22.Rxd1 Bxf3
23.Rd4 Nb4+ 24.Kc1 Nc6 25.Rh4 Bxg2 26.Rxh7 Nxe5 27.Be2 g6 28.Rh4 a6 29.Kc2 Rc5
30.b4 Rc8 31.Kb3 Bf3 32.Bf1 Bc6 33.Be2 Rd8 34.Kc2 Bf3 35.Bxf3 Nxf3 36.Rh3 Nd4+
37.Kb2 Nc6 38.Ne4 Rd4 39.Nc5  0-1

[Event "CZE-ch U16"]
[Site "Svetla"]
[Date "1994.??.??"]
[Round "?"]
[White "Babula, Pavel"]
[Black "Jirovsky, Petr"]
[Result "1/2-1/2"]
[WhiteElo "2010"]
[BlackElo "2245"]

1.e4 c5 2.c3 Nf6 3.e5 Nd5 4.d4 cxd4 5.cxd4 Nc6 6.Nf3 d6 7.exd6 Qxd6 8.Nc3 e6
9.a3 Be7 10.Bd3 Nxc3 11.bxc3 b6 12.O-O O-O 13.Bb2 Bf6 14.Rc1 Rd8 15.Qc2 g6
16.Rfd1 Bb7 17.Qe2 Rac8 18.Bb5 Qf4 19.Qe3 Qb8 20.c4 Na5 21.Nd2 a6 22.Ba4 Ba8
23.Ba1 Qb7 24.f3 Qe7 25.Qd3 Bc6 26.Bxc6 Nxc6 27.Nb3 Qc7 28.Qe4 Ne7 29.Rd3 Nf5
30.Rdd1 Bg7 31.c5 bxc5 32.Rxc5 Qd7 33.Rxc8 Rxc8 34.Qd3 Qb7 35.Nc5 Qd5 36.Nxa6 Rc4
37.Nb4 Qb5 38.Bb2 Bxd4+ 39.Bxd4 Nxd4 40.Kh1 Qc5 41.Qd2 Kg7 42.Qb2 Rc3 43.h3 e5
44.Nd3 Qxa3  1/2-1/2

[Event "CZE-ch U16"]
[Site "Svetla"]
[Date "1994.??.??"]
[Round "?"]
[White "Kulhanek, Tomas"]
[Black "Jirovsky, Petr"]
[Result "0-1"]
[WhiteElo "2115"]
[BlackElo "2245"]

1.e4 c5 2.c3 Nf6 3.e5 Nd5 4.d4 cxd4 5.Nf3 d6 6.cxd4 Nc6 7.Bc4 Nb6 8.Bb5 dxe5
9.Nxe5 Bd7 10.Bxc6 Bxc6 11.Nxc6 bxc6 12.O-O g6 13.Re1 Bg7 14.Bg5 Nc8 15.Re4 O-O
16.Nc3 Rb8 17.Qd2 Nd6 18.Ree1 Re8 19.Bf4 Rb4 20.Be5 Nc4 21.Qe2 Bxe5 22.dxe5 Nxb2
23.Rab1 Qb6 24.Qd2 Rd8 25.Qg5 Nd3 26.Qxe7 Rb8 27.Rf1 Rxb1 28.Nxb1 Qxb1 29.e6 Ne5
30.Qc7 Qb5 31.a4 Qb2 32.f4 Nd3 33.Qxf7+ Kh8 34.h3 Qg7 35.Qxg7+ Kxg7 36.f5 gxf5
37.Rxf5 Rb1+ 38.Kh2 Rb7 39.Rf3 Ne5 40.Re3 Kf6  0-1

[Event "SVK-chT"]
[Site "?"]
[Date "1994.??.??"]
[Round "?"]
[White "Pekar, Karol"]
[Black "Kacincova, Jarmila"]
[Result "1/2-1/2"]
[WhiteElo "2160"]
[BlackElo "2085"]

1.e4 c5 2.c3 Nf6 3.e5 Nd5 4.d4 cxd4 5.Qxd4 e6 6.Nf3 Nc6 7.Qe4 d6 8.Nbd2 Qc7
9.Nc4 dxe5 10.Ncxe5 Nxe5 11.Qxe5 Qxe5+ 12.Nxe5 Bd6 13.Nc4 Be7 14.g3 b6 15.Bg2 Bb7
16.Ne3 Rd8 17.Nxd5 Bxd5 18.Bxd5 Rxd5 19.Be3 Bf6 20.Ke2 Ke7 21.Rhd1 Rhd8 22.Rxd5 Rxd5
23.a4 Kd7 24.Rd1 Rxd1 25.Kxd1 Kc6 26.Kc2 a6 27.b3 b5 28.axb5+ axb5 29.f4 e5
30.fxe5 Bxe5 31.Kd3 g6 32.Bd4 Bd6 33.c4 f5 34.Bc3 Bc5 35.Be5 Bg1 36.h3 h5
37.Bd4 Bh2 38.Bf2 f4 39.gxf4 Bxf4 40.Ke4 Bd6  1/2-1/2

[Event "SVK-chT"]
[Site "?"]
[Date "1994.??.??"]
[Round "?"]
[White "Sarkozy, Ladislav"]
[Black "Lanc, Alois"]
[Result "0-1"]
[WhiteElo "2330"]
[BlackElo "2445"]

1.e4 c5 2.c3 Nf6 3.e5 Nd5 4.d4 cxd4 5.Nf3 e6 6.cxd4 d6 7.a3 Bd7 8.Bd3 Bc6
9.O-O Nd7 10.Bd2 Be7 11.Nc3 Nxc3 12.Bxc3 O-O 13.Qe2 Rc8 14.Rfd1 Bd5 15.Rac1 Re8
16.h3 Bf8 17.Bd2 g6 18.Bf4 Rxc1 19.Rxc1 Nb8 20.exd6 Bxd6 21.Bxd6 Qxd6 22.Qe5 Qd8
23.Qf4 Bxf3 24.Qxf3 Nc6 25.Rd1 Qb6 26.d5 exd5 27.Qxd5 Qxb2 28.Rb1 Qxa3 29.Rxb7 Re6
30.Qd7 Rf6 31.Qe8+ Kg7 32.Qe3 a5 33.Be4 Qxe3 34.fxe3 Nb4 35.Rb5 Ra6 36.Kf2 f5
37.Rb7+  0-1

[Event "SVK-chT"]
[Site "?"]
[Date "1994.??.??"]
[Round "?"]
[White "Habinak, Tomas"]
[Black "Certek, Pavel"]
[Result "1/2-1/2"]
[WhiteElo "2350"]
[BlackElo "2290"]

1.e4 c5 2.c3 Nf6 3.e5 Nd5 4.d4 cxd4 5.cxd4 Nc6 6.Nf3 d6 7.Nc3 Nxc3 8.bxc3 e6
9.Bd3 dxe5 10.dxe5 Be7 11.O-O Qa5 12.Qe2 Qxc3 13.Bd2 Qa3 14.Rfc1 Bb4 15.Rab1 Bxd2
16.Nxd2 Qe7 17.Qe4 Qc7 18.Nc4 Kf8 19.Nd6 f5 20.Qa4 a6 21.Be2 Rb8 22.Bxa6 Bd7
23.Bxb7 g5 24.h4 h6 25.Qa3  1/2-1/2

[Event "SVK-chT"]
[Site "?"]
[Date "1994.??.??"]
[Round "?"]
[White "Pcola, Pavel"]
[Black "Likavsky, Tomas"]
[Result "1-0"]
[WhiteElo "2275"]
[BlackElo "2240"]

1.e4 c5 2.c3 Nf6 3.e5 Nd5 4.d4 cxd4 5.Nf3 Nc6 6.cxd4 d6 7.Bc4 Nb6 8.Bb5 a6
9.Bxc6+ bxc6 10.Qc2 Qc7 11.O-O e6 12.Bd2 c5 13.dxc5 Qxc5 14.Nc3 Bb7 15.Be3 Qc7
16.Qe2 Bxf3 17.Qxf3 d5 18.Rac1 Qb7 19.Bxb6 Qxb6 20.Na4 Qa5 21.Qg4 g6 22.Rc6 h5
23.Qd4 Bg7 24.Nb6 Rd8 25.a4 Bf8 26.Qd3 Be7 27.Nc8 Qxa4 28.Nxe7 Kxe7 29.Rxa6 Qb4
30.Qf3 Ke8 31.Qf6 Rh7 32.Ra7 Qxb2 33.Qe7+  1-0

[Event "SVK-chT"]
[Site "?"]
[Date "1994.??.??"]
[Round "11"]
[White "Kolcak, Marek"]
[Black "Golod, Vitali"]
[Result "0-1"]
[WhiteElo "2285"]
[BlackElo "2490"]

1.e4 c5 2.c3 Nf6 3.e5 Nd5 4.d4 cxd4 5.cxd4 d6 6.Nf3 Nc6 7.Bc4 Nb6 8.Bb5 dxe5
9.Nxe5 Bd7 10.Nc3 Nxe5 11.dxe5 Bxb5 12.Nxb5 Qxd1+ 13.Kxd1 O-O-O+ 14.Ke2 Rd5
15.a4 a6 16.Be3 axb5 17.Bxb6 Rxe5+ 18.Kf3 Kd7 19.Rhd1+ Ke6 20.Rd8 bxa4 21.Rxa4 Rb5
22.Bd4 f6 23.Bc3 g5 24.Raa8 Kf7 25.Rab8 Rf5+ 26.Ke2 b5 27.b4 g4 28.Bd4 Rh5
29.Bc5 Rxh2 30.g3 h5 31.Kd3 h4 32.gxh4 R2xh4 33.Rxb5 Rg8 34.Rb7 g3 35.fxg3 Rxg3+
36.Kc2 Rc4+ 37.Kb1 Rg2 38.Rd1 Rc3 39.Bxe7 Rb3+ 40.Ka1 Ra3+ 41.Kb1 Rb3+ 42.Ka1 Bxe7
43.Re1 Rxb4 44.Rexe7+ Kf8 45.Rf7+ Kg8 46.Rfc7 Rxb7 47.Rxb7 Rg7 48.Rb6 Kf7
49.Kb2 Kg6 50.Kc3 Rd7 51.Rb1 f5 52.Rf1 Kg5 53.Rg1+ Kh4 54.Rf1 Kg4 55.Rg1+ Kh3
56.Rf1 Rf7 57.Kd2 Kg2 58.Rf4 Kg3 59.Ra4 Re7  0-1

[Event "SVK-chT"]
[Site "?"]
[Date "1994.??.??"]
[Round "11"]
[White "Shalakhova, G."]
[Black "Cimra, Jozef"]
[Result "1-0"]
[WhiteElo "2170"]
[BlackElo "2235"]

1.e4 c5 2.c3 Nf6 3.e5 Nd5 4.d4 cxd4 5.Qxd4 e6 6.Nf3 Nc6 7.Qe4 d6 8.Nbd2 Qc7
9.Nc4 dxe5 10.Ncxe5 Nxe5 11.Qxe5 Qxe5+ 12.Nxe5 Bd6 13.Nc4 Bc7 14.Ne3 Nf6
15.Be2 Bd7 16.Bf3 O-O-O 17.O-O h6 18.b4 Be5 19.Bb2 Bb5 20.Rfd1 Bd3 21.Rd2 Ne4
22.Rxd3 Rxd3 23.Bxe4 Rd2 24.Nc4  1-0

[Event "SVK-chT"]
[Site "?"]
[Date "1994.??.??"]
[Round "13"]
[White "Rajcsanyi, Zita"]
[Black "Kacincova, Jarmila"]
[Result "1-0"]
[WhiteElo "2260"]
[BlackElo "2085"]

1.e4 c5 2.c3 Nf6 3.e5 Nd5 4.d4 cxd4 5.Nf3 e6 6.cxd4 b6 7.Nc3 Nxc3 8.bxc3 Qc7
9.Bd2 d6 10.Bd3 Bb7 11.O-O Nd7 12.Re1 dxe5 13.Nxe5 Nxe5 14.Rxe5 Bd6 15.Rh5 g6
16.Rh3 O-O-O 17.Bg5 Be7 18.Bxe7 Qxe7 19.a4 h5 20.a5 Qc7 21.axb6 axb6 22.Re3 g5
23.Ra7 Rd7 24.Qa1 Qb8 25.Bb5 Bc6 26.Ra4 Kc7 27.Bxc6 Kxc6 28.Re2 Rd5 29.Rea2 Qf4
30.Rc4+ Kd6 31.Ra7 Ra5 32.Rxa5 bxa5 33.g3 Qe4 34.Rc5 Ra8 35.Re5 Qd3 36.Qa3+ Kd7
37.Rxg5 Qb1+ 38.Kg2 Qe4+ 39.Kh3 Qf3 40.Qa4+ Kd6 41.Rxa5 Qg4+ 42.Kg2 Qe4+
43.f3 Qe2+ 44.Kh3 Rxa5 45.Qxa5 Qf1+ 46.Kh4 f5 47.Qe5+ Kd7 48.d5 Qc4+ 49.Qd4 Qxd5
50.Qxd5+  1-0

[Event "SWZ-chT"]
[Site "SWZ"]
[Date "1994.??.??"]
[Round "4"]
[White "Hort, Vlastimil"]
[Black "Ballmann, Martin"]
[Result "1-0"]
[WhiteElo "2535"]
[BlackElo "2330"]

1.e4 c5 2.c3 Nf6 3.e5 Nd5 4.d4 cxd4 5.cxd4 d6 6.Bc4 Nb6 7.Bb3 dxe5 8.Qh5 e6
9.dxe5 Nc6 10.Nc3 Bc5 11.Nf3 Qd3 12.Bg5 Bb4 13.Rd1 Bxc3+ 14.bxc3 Qxc3+ 15.Bd2 Qd3
16.Qh4 Qb5 17.Bc3 Bd7 18.Ng5 Qc5 19.Ne4 Qe7 20.Nd6+ Kf8 21.Qg3 Be8 22.O-O Nd7
23.f4 Nc5 24.f5 Rg8 25.fxe6 Nxe6 26.Kh1 Rd8 27.Rd2 g6 28.Rf6 Kg7 29.Nf5+  1-0

[Event "SWZ-chT"]
[Site "SWZ"]
[Date "1994.??.??"]
[Round "5"]
[White "Ruefenacht, Matthias"]
[Black "Ballmann, Martin"]
[Result "1/2-1/2"]
[WhiteElo "2390"]
[BlackElo "2330"]

1.e4 c5 2.c3 Nf6 3.e5 Nd5 4.Nf3 e6 5.d4 cxd4 6.cxd4 Be7 7.Bd3 b6 8.Qe2 Bb7
9.O-O Nc6 10.Nc3 Nxc3 11.bxc3 Na5 12.Nd2 O-O 13.Ne4 f5 14.exf6 Bxf6 15.Qh5 Bxe4
16.Bxe4 g6 17.Qg4 Rc8 18.Bh6 Bg7 19.Bxg7 Kxg7 20.Rac1 Qf6  1/2-1/2

[Event "SWZ-chT"]
[Site "SWZ"]
[Date "1994.??.??"]
[Round "7"]
[White "Wolff, Armel David"]
[Black "Georg, Michel"]
[Result "1/2-1/2"]
[WhiteElo "2115"]
[BlackElo "2170"]

1.e4 c5 2.c3 Nf6 3.e5 Nd5 4.d4 cxd4 5.Nf3 e6 6.Bc4 Nb6 7.Bb3 dxc3 8.Nxc3 d5
9.exd6 Bxd6 10.O-O O-O 11.Nb5 Be7 12.Qxd8 Bxd8 13.Be3 Bd7 14.Nd6 Bc6 15.Ne5 Bf6
16.Nexf7 Bd5 17.Ng5 Bxb2 18.Rad1 Bxb3 19.axb3 Nc6 20.Nxe6 Rf6 21.Nc5 Na5
22.Ndxb7 Nxb7 23.Nxb7 Rb8 24.Nc5 a5 25.Rd3 Rc6 26.Rfd1 Bf6 27.h3 Be7 28.Ne4 a4
29.Bxb6 Rbxb6 30.bxa4 Rb4 31.Rd4 Rcc4 32.Rxc4 Rxc4 33.Ng3 Rxa4 34.Rd7 Bf6
35.Nh5 Be5 36.g4 g6 37.Re7 Bd4 38.Ng3 Bf6 39.Rb7 Rf4 40.Ne2 Re4 41.Ng3 Ra4
42.Kg2 Be5 43.Re7 Bxg3 44.Kxg3 Ra3+ 45.f3 g5 46.Re5 h6 47.Rf5 Kg7 48.h4 Kg6
49.h5+ Kg7 50.Rd5 Rb3 51.Rd7+ Kg8 52.Kf2 Ra3 53.Ke2 Rb3 54.Rd3 Rb4 55.Ke3 Rf4
56.Rd4 Rf6 57.Rd5 Rf4 58.Rd4 Rf6 59.f4 gxf4+ 60.Rxf4 Rxf4 61.Kxf4 Kf8 62.Ke4 Ke8
63.Kd4 Kf8 64.Ke3 Ke7  1/2-1/2

[Event "SWZ-chT"]
[Site "SWZ"]
[Date "1994.??.??"]
[Round "8"]
[White "Lematschko, Tatjana"]
[Black "Landenbergue, Claude"]
[Result "1/2-1/2"]
[WhiteElo "2285"]
[BlackElo "2390"]

1.e4 c5 2.c3 Nf6 3.e5 Nd5 4.d4 cxd4 5.Nf3 e6 6.cxd4 b6 7.Nc3 Nxc3 8.bxc3 Qc7
9.Bd2 d6 10.Bb5+ Nd7 11.Qe2 a6 12.Ba4 Be7 13.O-O O-O 14.Bc2 Bb7 15.Be4 Bxe4
16.Qxe4 Rfc8 17.Rfe1 dxe5 18.Nxe5 Nxe5 19.Qxe5 Qxe5 20.Rxe5 Ba3 21.Rb1 b5
22.g3 Rc4 23.Re2 Rac8 24.Kg2 Kf8 25.Kf3 Bd6 26.Rb3 Ke7 27.Ke4 Kd7 28.f4 Kc6
29.Be1 f6 30.Bf2 Re8 31.Kd3 Kd5 32.Be3 Rec8 33.Rf2 R8c6 34.a3 Rc7 35.Rf1 Rd7
36.Bc1 Ra4 37.Kc2 Rc7 38.Rd1 Rcc4 39.Kd3 Ra5 40.Bb2 Rca4 41.Ra1 h5 42.Rb4 Bf8
43.Rxa4 Rxa4 44.Kc2 Bd6 45.Kb3 Ke4 46.Re1+ Kf5 47.Bc1 e5 48.fxe5 fxe5 49.Rf1+ Ke6
50.dxe5 Bxe5 51.Rf8 Rc4 52.Bd2 Re4 53.Ra8 Re2 54.Bf4 Kf5 55.Bxe5 Rxe5 56.Rxa6 g5
57.Rd6 Kg4 58.Rd2 h4 59.gxh4 gxh4 60.Rd3 h3 61.Rg3+ Kh4 62.Rg8  1/2-1/2

[Event "Wch U16 Girls"]
[Site "Szeged"]
[Date "1994.??.??"]
[Round "6"]
[White "Werner, Isabel"]
[Black "Lakos, Nikoletta"]
[Result "0-1"]
[WhiteElo "2210"]
[BlackElo "2260"]

1.e4 c5 2.c3 Nf6 3.e5 Nd5 4.d4 cxd4 5.Nf3 e6 6.cxd4 b6 7.Nc3 Nxc3 8.bxc3 Qc7
9.Bb2 Bb7 10.Bd3 d6 11.O-O Nd7 12.Re1 Be7 13.exd6 Bxd6 14.c4 O-O 15.h3 Rfe8
16.Ng5 h6 17.Ne4 Bxe4 18.Bxe4 Rac8 19.Rc1 Nf6 20.Bf3 e5 21.d5 Bb4 22.Re3 Bc5
23.Re1 e4 24.Bg4 e3 25.Bd4 Bxd4 26.Qxd4 Re4 27.Qb2 Rxg4 28.hxg4 Nxg4 29.Rxe3 Qh2+
30.Kf1 Qh1+ 31.Ke2 Qxg2 32.Kd3 Nxe3 33.Kxe3 Re8+ 34.Kd3 Qf3+ 35.Kc2 Re2+
36.Kb1 Rxb2+ 37.Kxb2 Qxf2+ 38.Rc2 Qd4+ 39.Rc3 h5 40.Kc2 Kf8  0-1

[Event "ISR-ch"]
[Site "Tel Aviv"]
[Date "1994.??.??"]
[Round "7"]
[White "Kundin, Alexander"]
[Black "Gershon, Alik"]
[Result "0-1"]
[WhiteElo "2295"]
[BlackElo "2355"]

1.e4 c5 2.c3 Nf6 3.e5 Nd5 4.Nf3 Nc6 5.d4 cxd4 6.cxd4 d6 7.exd6 Qxd6 8.Nc3 Bg4
9.Bc4 e6 10.Be3 Be7 11.O-O O-O 12.Rc1 Rac8 13.h3 Bxf3 14.Qxf3 Nxe3 15.Qxe3 Qxd4
16.Qxd4 Nxd4 17.Bd3 Rfd8 18.Bb1 Rxc3 19.bxc3 Ne2+ 20.Kh2 Nxc1 21.Rxc1 Bc5
22.f3 Rd2 23.Rc2 Bd6+  0-1

[Event "ISR-ch"]
[Site "Tel Aviv"]
[Date "1994.??.??"]
[Round "10"]
[White "Finkel, Alexander"]
[Black "Gershon, Alik"]
[Result "1-0"]
[WhiteElo "2465"]
[BlackElo "2355"]

1.e4 c5 2.c3 Nf6 3.e5 Nd5 4.g3 d6 5.exd6 e6 6.Bg2 Qxd6 7.Nf3 Nc6 8.O-O a6
9.d4 cxd4 10.Nxd4 Be7 11.Nxc6 Qxc6 12.Qg4 Bf6 13.c4 Qa4 14.Bxd5 exd5 15.Qe2+ Kf8
16.cxd5 Bg4 17.Qd3 Re8 18.Nc3 Qd7 19.Be3 Bf5 20.Qd2 h5 21.Rfe1 Kg8 22.Bd4 Be7
23.Re5 f6 24.Re3 Kf7 25.a3 Bd6 26.Rae1 Rxe3 27.Qxe3 h4 28.f4 hxg3 29.hxg3 Rh3
30.Kg2 Qd8 31.Ne4 Bb8 32.d6 Rh8 33.Qf3 Bxd6 34.g4 Bxe4 35.Qxe4 Qd7 36.Qd5+ Kf8
37.Re6 Rh2+ 38.Kg1 Rh4 39.Qxd6+ Qxd6 40.Rxd6 Rxg4+ 41.Kf2 Rxf4+ 42.Ke3  1-0

[Event "Terrassa op"]
[Site "Terrassa"]
[Date "1994.??.??"]
[Round "2"]
[White "Jerez Perez, Alfonso"]
[Black "Pavlovic, Milos"]
[Result "0-1"]
[WhiteElo "2275"]
[BlackElo "2495"]

1.e4 c5 2.c3 Nf6 3.e5 Nd5 4.d4 cxd4 5.Nf3 d6 6.cxd4 Nc6 7.Qb3 e6 8.Bb5 Bd7
9.O-O Qb6 10.exd6 Bxd6 11.Nbd2 O-O 12.Nc4 Qc7 13.Nxd6 Qxd6 14.Bd3 Na5 15.Qd1 Nc6
16.Re1 h6 17.a3 Rfd8 18.b4 Rac8 19.Bb2 Be8 20.Rc1 Nce7 21.Ne5 Rxc1 22.Qxc1 Nb6
23.Qd1 Rc8 24.Bb1 Na4 25.Ba1 Nc3 26.Bxc3 Rxc3 27.Qd2 Qc7 28.Re3 Rc1+ 29.Re1 Rc3
30.Re3 Nd5 31.Rxc3 Qxc3 32.Qxc3 Nxc3 33.Bd3 Bb5 34.Nc4 Na2 35.Bf1 Nc3 36.Na5 b6
37.Bxb5 bxa5 38.Bc4 axb4 39.axb4 Kf8 40.Kf1 Ke7 41.Ke1 Kd6 42.Kd2 Ne4+ 43.Ke3 Nf6
44.f3 Kc6 45.Kd3 Nd5 46.b5+ Kb6 47.Ke4 Nc3+ 48.Ke5 Ka5 49.Bd3 Nxb5 50.d5 Nc7
51.dxe6 fxe6 52.Kd6 Kb6 53.Bg6 Nd5 54.Kxe6 Nf4+  0-1